Metódy psychologického výskumu trhu

Najčastejšie používané spôsoby výskumu trhu: kvantitatívny a kvalitatívny. Štandardné metódy psychologického výskumu trhu (pozorovanie a rozhovor). Špeciálne a modifikované metódy výskumu trhu (testy a reakcie na rôzne podnety).

Salvato in:
Dettagli Bibliografici
Autore principale: Augustín, Martin
Natura: Capitolo di libro
Lingua:slovacco
Soggetti:
Tags: Aggiungi Tag
Nessun Tag, puoi essere il primo ad aggiungerne!!

MARC

LEADER 00000naa a2200000 4500
001 r032610
005 20230929112521.3
041 0 |a slo 
044 |a SK 
245 1 0 |a Metódy psychologického výskumu trhu  |c Martin Augustín 
520 |a Najčastejšie používané spôsoby výskumu trhu: kvantitatívny a kvalitatívny. Štandardné metódy psychologického výskumu trhu (pozorovanie a rozhovor). Špeciálne a modifikované metódy výskumu trhu (testy a reakcie na rôzne podnety). 
610 2 0 |a výskum trhu 
610 2 0 |a prieskum trhu 
610 2 0 |a metódy výskumu 
610 2 0 |a výskum psychologický 
610 2 0 |a prieskum spotrebiteľský 
610 2 0 |a spotrebitelia 
100 1 |a Augustín, Martin